Zmeny v sociálnom poistení od 1. januára 2005

Dňa 1.1. 2005 nadobudol účinnosť zákon č. 721/2004 Z.z., ktorým sa mení a dopĺňa zákon č. 461/2003 Z.z. o sociálnom poistení v znení neskorších predpisov a o zmene a doplnení niektorých zákonov. Obsah tejto v poradí už 10. novely.

Salvato in:
Dettagli Bibliografici
Autore principale: Macková, Zuzana
Natura: Capitolo di libro
Lingua:slovacco
Soggetti:
Tags: Aggiungi Tag
Nessun Tag, puoi essere il primo ad aggiungerne!!

MARC

LEADER 00000naa$a2200000$$$4500
001 0026619
005 20231109113523.6
041 0 |a slo 
044 |a SK 
245 1 0 |a Zmeny v sociálnom poistení od 1. januára 2005  |c Zuzana Macková 
520 |a Dňa 1.1. 2005 nadobudol účinnosť zákon č. 721/2004 Z.z., ktorým sa mení a dopĺňa zákon č. 461/2003 Z.z. o sociálnom poistení v znení neskorších predpisov a o zmene a doplnení niektorých zákonov. Obsah tejto v poradí už 10. novely. 
610 2 0 |a novelizácia 
610 2 0 |a Slovensko 
610 2 0 |a úpravy právne 
610 2 0 |a poistenie sociálne 
610 2 0 |a poistenci 
610 2 0 |a poisťovne sociálne 
100 1 |a Macková, Zuzana